000 00623nam a22002057a 4500
005 20241212163648.0
008 241212b ||||| |||| 00| 0 eng d
040 _cAL
041 _aEnglish
082 _223
_a348.04
_bEASS
100 _aEastern Book Company
_9190500
245 _aSupreme Court Cases: 1980(Supplement Volume)
260 _aLucknow
_bEastern Book Company
_c1980
300 _axx,841p.
_bHB
_c24x15cm.
365 _a1061
_b₹959.52
_c
_d₹1279.36
_e25%
_f28/11/2024
440 _aSupplement Volume
_9190501
650 _aMode of Citation
_9190502
650 _aSupreme Court
_9190503
942 _2ddc
_cBI
999 _c232761
_d232761